Les pays dont la population parle portugais - Statistiques

Statistiques générales
  • Ce quiz a été pris 175 fois
  • Le résultat moyen est 5 sur 8
Statistiques - réponses
Pays Pourcentage % Correct
Brésil 98%
99%
Portugal 99%
99%
Angola 71%
70%
Cap Vert 50%
69%
São Tomé et Principe 98%
50%
Mozambique 47%
48%
Guinée-Bissau 27%
45%
Timor Oriental 30%
32%
Aucun quiz correspondant
Distribution des résultats
% des personnes avec chaque résultat
Percentile par nombre de réponses
Votre historique - résultats
Vous n’avez pas pris ce quiz